Female Music Pop Culture - Statistics

General Stats
  • This quiz has been taken 3,541 times
  • The average score is 6 of 12
Answer Stats
Clue Musical Act % Correct
She has spanned 3 different genres over the course of 12 studio albums since 2006. Taylor Swift
89%
A British act, she had multiple worldwide R&B smash hits before passing away due to battles with alcohol. Amy Winehouse
79%
Having 4 studio albums, she has continued to name her albums after her age during the writing process. Adele
75%
She has become the most Grammy-awarded person in history with 35 wins, and a total of 99 nominations. Beyoncé
74%
She shows no sign of dropping the well-earned title, the "Queen of Rap." Nicki Minaj
72%
Even with 6 diamond-certified singles, she has been considered to be in her "flop" era after the release of her 4th album, Witness. Katy Perry
49%
Winning the first season of American Idol, she went on to release 10 studio albums and receive 3 Grammy awards. Kelly Clarkson
47%
Known as the "Princess of Pop," her first 2 albums, named after their lead singles, have both received diamond certification in the US. Britney Spears
43%
Starting her career in 1990, she is the first and only person to have a song go to #1 on the Billboard Hot 100 chart in 4 different decades. Mariah Carey
37%
Despite not being a twin, she is well known on Twitter (X) for her imaginary twin, "Poot." Demi Lovato
34%
Even with 10 studio albums and being critically acclaimed for having a flawless discography, she is still most known for wearing a special egg-dropping swan dress at the 2001 Oscars. Björk
26%
Despite only being in the industry since 2015, her first two albums have tallied up over 14 billion streams each on Spotify. Dua Lipa
22%
No matching quizzes found
Score Distribution
Percent of People with Each Score
Percentile by Number Answered
Your Score History
You have not taken this quiz